Normal view
MARC view
- BIOCHEMISTRY, ENVIRONMENTAL CHEMISTRY, GEOCHEMISTRY
Entry Topical Term
001 - CONTROL NUMBER
- control field: 59349
003 - CONTROL NUMBER IDENTIFIER
- control field: NUST
005 - DATE AND TIME OF LATEST TRANSACTION
- control field: 20210628202326.0
008 - FIXED-LENGTH DATA ELEMENTS
- fixed length control field: 210628|| aca||aabn | a|a d
040 ## - CATALOGING SOURCE
- Original cataloging agency: NUST
- Transcribing agency: NUST
150 ## - HEADING--TOPICAL TERM
- Topical term or geographic name entry element: BIOCHEMISTRY, ENVIRONMENTAL CHEMISTRY, GEOCHEMISTRY
670 ## - SOURCE DATA FOUND
- Source citation: Work cat.: (NUST): Stanitski , Conrad .L Eubanks , Lucy. Pryde Middlecamp, Catherine .H Pienta, Norbert. J 59348, Chemistry in context applying chemistry to society, 2003
